000 00649nam a2200229 a 4500
001 68486
003 BD-RJUL
005 20211209081758.0
008 170402s1950 enka 001 0 eng d
035 _a(BD-RJUL) 68696
040 _aMissouri. Univ. Libr.
_cCKM
_dBD-RJUL
_beng
041 _aeng
082 _223
_a570
_bSOA 1950
100 1 _aSommerhoff, Gerd.
_9203006
245 1 0 _aAnalytical biology /
_cby G. Sommerhoff.
260 _aLondon :
_bOxford University Press,
_c1950.
300 _aviii, 207 p. :
_bill. ;
_c23 cm.
500 _aIncludes Index.
650 0 _aBiology
_9203007
650 0 _aBiomathematics.
_9150831
942 _2ddc
_cBK
999 _c68486
_d68486